000 006200000a22001930004500
001 768714001
003 CO-MdFUSB
005 20170608110206.0
008 170608s2003 cr ||||| |||| 00| 0 spa d
022 _a1659-0074
040 _aCO-MdFUSB
_bspa
_cCO-MdFUSB
_dCO-MdFUSB
041 _aspa
100 1 _aPadilla, Catalina F. de
_eautor
245 1 0 _aIgualdad y confianza entre mujeres y hombres
300 _aVolumen 1. Número 3 (2003), Páginas 6-10
_c 27 cm.
546 _aTexto en español
773 0 _tApuntes Mujer Líder
_049442
_960151
_gVolumen 1. Número 3 (2003), Páginas 6-10
_qPágina 6
942 _cANA
999 _c60752
_d60752